000 00544nam a2200217Ia 4500
003 OSt
005 20220928140615.0
006 a|||||r|||| 00| 0
007 ta
008 220927b |||||||| |||| 00| 0 eng d
024 _a9885
037 _cTextual
040 _aSDCL
_cSDCL
_beng
041 _2eng
_aeng
082 _aX:77.1'N7, L5
100 _aBrookfield Harold
_9496207
245 0 _aInterdependent development
260 _c1975
942 _hX:77.1'N7, L5
_cTEXL
_2CC
999 _c812492
_d812492